000 01223cam a2200301 i 4500
003 SA-RiAUC
005 20250427063630.0
008 250425s1985 su g b 00000 ara c
040 _aSA-RiAUC
_bara
_cSA-RiAUC
_erda
050 4 _b.M33 1985
082 0 4 _a332.1221
090 _a332.1221
_b م د ن
100 1 _aمدني، أمين،
_d1328-1404 هجري
_eمؤلف.
245 1 2 _aالاستثمار المصرفي :
_bشركات المساهمة في التشريع الإسلامي /
_cأمين مدني.
250 _aالطبعة الأولى.
264 1 _aجدة، السعودية :
_bالدار السعودية للنشر والتوزيع،
_c1985
300 _a213 صفحة ؛
_c24 سم
336 _aنص
_btxt
_2rdacontent
_3كتاب
337 _aبدون وسيط
_bn
_2rdamedia
338 _aمجلد
_bnc
_2rdacarrier
504 _aيشتمل على إرجاعات ببليوجرافية.
650 7 _aالبنوك الإسلامية
_2aucsh
650 7 _aالاقتصاد الإسلامي
_2aucsh
650 7 _aالشراكة (فقه إسلامي)
_2aucsh
650 7 _aالإسلام والاقتصاد
_2aucsh
942 _2ddc
_cBOOK
_n0
949 _aSA-JeALM
_d250425
_umohamedma123
_n1
999 _c7348
_d7348